[Event "Florianopolis op-B 04"]
[Site "Florianopolis"]
[Date "2023.04.30"]
[Round "5"]
[White "Kruger, Nathalia"]
[Black "Martins, Marlos da Rosa"]
[Result "0-1"]
[WhiteElo "1800"]
[BlackElo "1328"]
[PlyCount "86"]
[EventDate "2023.04.28"]
[EventType "swiss"]
[EventRounds "6"]
[EventCountry "BRA"]
[SourceTitle "CBM 214 Extra"]
[Source "ChessBase"]
[SourceDate "2023.07.31"]
[SourceVersion "1"]
[SourceVersionDate "2023.07.31"]
[SourceQuality "1"]

1. e4 c5 2. Nf3 e6 3. Bc4 a6 4. c3 b5 5. Bb3 Nc6 6. 0-0 Bb7 7. Bc2 d6 8. d3 Nf6 9. Be3 Be7 10. Re1 0-0 11. d4 cxd4 12. cxd4 Nb4 13. Nc3 Nxc2 14. Qxc2 Rc8 15. Qd3 b4 16. Nd1 Nxe4 17. b3 Nc3 18. Nd2 Nxd1 19. Rexd1 Bg5 20. Ne4 Bxe3 21. Qxe3 Bxe4 22. Qxe4 Qb6 23. h3 h6 24. Rdc1 Rc3 25. Rxc3 bxc3 26. Rc1 Rc8 27. Qd3 Qc7 28. Qxa6 c2 29. Qd3 f6 30. a4 e5 31. dxe5 fxe5 32. Qd5+ Kh8 33. b4 Qc3 34. Qe4 Qb3 35. b5 Rc4 36. Qa8+ Kh7 37. Qa5 Rb4 38. Qa8 Qb1 39. Rxb1 cxb1Q+ 40. Kh2 Qc2 41. Kg1 Qc1+ 42. Kh2 Qf4+ 43. Kg1 Rb1# 0-1

[Event "Florianopolis op-B 04"]
[Site "Florianopolis"]
[Date "2023.04.29"]
[Round "3"]
[White "Bolzan, Pedro Madeira"]
[Black "Kruger, Nathalia"]
[Result "1-0"]
[WhiteElo "1285"]
[BlackElo "1800"]
[PlyCount "65"]
[EventDate "2023.04.28"]
[EventType "swiss"]
[EventRounds "6"]
[EventCountry "BRA"]
[SourceTitle "CBM 214 Extra"]
[Source "ChessBase"]
[SourceDate "2023.07.31"]
[SourceVersion "1"]
[SourceVersionDate "2023.07.31"]
[SourceQuality "1"]

1. e4 c5 2. Nf3 d6 3. c3 Nf6 4. h3 Nxe4 5. Qa4+ Nc6 6. Qxe4 e6 7. Bb5 Bd7 8. d4 cxd4 9. cxd4 Qa5+ 10. Nc3 d5 11. Qd3 Bb4 12. Bxc6 Bxc6 13. 0-0 0-0 14. a3 Bd6 15. Bd2 Qd8 16. Ng5 g6 17. Nf3 Bc7 18. Ne5 Qd6 19. Bf4 a6 20. Bg3 Qe7 21. Nxc6 bxc6 22. Bxc7 Qxc7 23. Ne2 Rfb8 24. b4 Qd6 25. Ng3 Re8 26. Rac1 Rec8 27. Rc5 Ra7 28. Rfc1 Qd7 29. R1c3 Qd6 30. a4 Qd7 31. b5 axb5 32. axb5 Ra1+ 33. Kh2 1-0